Spitznamen für Koalitionen deutscher Parteien - Statistiken

Allgemein
  • Dieses Quiz wurde 854 mal gespielt
    408 seit der letzten Aktualisierung
  • Das Durchschnittsergebnis liegt bei 4 aus 12
Antwortstatistiken
Parteien Spitzname % Korrekt
SPD/Grüne/FDP Ampel-Koalition
93%
Union/Grüne/FDP Jamaika-Koalition
88%
Union/SPD Große Koalition (GroKo)
82%
Union/SPD/FDP Deutschland-Koalition
49%
Union/SPD/Grüne Kenia-Koalition
47%
CDU/BSW/SPD Brombeer-Koalition
41%
SPD/FDP Sozialliberale Koalition
15%
SPD/Linke/Grüne R2G
12%
Union/Grüne Kiwi-Koalition
7%
Union/FDP Tigerenten-Koalition/Christliberale Koalition
7%
SPD/Grüne/SSW Dänenampel-Koalition
3%
Grüne/FDP Limetten-Koalition
3%
Keine übereinstimmenden Quizze gefunden
Verteilung der Resultate
Anzahl Personen mit jedem Resultat
Perzentil nach korrekt beantworteten Fragen
Ihre Resultats-Entwicklung
Sie haben dieses Quiz seit der letzten Aktualisierung nicht gespielt